banner-ar

اسبلة القاهرة فى القرن التاسع عشر : (Record no. 65789)

MARC details
000 -الفاتح
حقل البيانات ثابتة الطول 01029nam a22002417a 4500
005 - وقت وتاريخ اخر تعامل مع التسجيلة
رقم الضبط 20240530110843.0
008 - عناصر البيانات ثابتة الطول - معلومات عامة
حقل البيانات ثابتة الطول 200912s2020 ua a f b 000 0dara d
017 ## - رقم الايداع القانونى
رقم الايداع القانونى 2019/15298
المصدر ( الهيئة المختصة) مصر. دار الكتب
020 ## - الرقم الدولى المعيارى للكتب
الرقم الدولى المعيارى للكتاب 9789777537582
040 ## - مصدر الفهرسة
وكالة الفهرسة الأصلية EG-CaGPL
وكالة النسخ EG-CaGPL
082 04 - رقم تصنيف ديوى العشرى
رقم الطبعة 21
رقم التصنيف 726
رقم المادة ق/ م أ
100 0# - المدخل الرئيسى - إسم شخصى
الإسم الشخصى محمد هاشم اسماعيل ابوطربوش
245 10 - بيان العنوان
العنوان اسبلة القاهرة فى القرن التاسع عشر :
بقية العنوان دراسة اثرية فنية /
بيان المسئوليه,etc محمد هاشم اسماعيل ابوطربوش
250 ## - بيان الطبعة
بيان الطبعة ط.1
260 ## - PUBLICATION, DISTRIBUTION, ETC. (IMPRINT)
تاريخ النشر أو التوزيع 2020
300 ## - الوصف المادى
التعداد 744 ص. :
تفاصيل ماديه اخرى للوعاء صور لو ؛
أبعاد الوعاء 24 سم.
504 ## - تبصرة ببليوجرافية
تبصرة ببليوجرافية,الخ يشتمل على ارجاعات ببليوجرافية
650 07 - المدخل الاضافى بالموضوع-مصطلح موضوعى
مصطلح موضوعي العمارة الاسلامية
مصدر الرأس أو المصطلح qrmak
650 07 - المدخل الاضافى بالموضوع-مصطلح موضوعى
مصطلح موضوعي العمارة الدينية
مصدر الرأس أو المصطلح qrmak
التقسيم الفرعي الجغرافي مصر
651 07 - المدخل الاضافى بالموضوع - اسم جغرافى
مصدر الرأس أو المصطلح qrmak
الاسم الجغرافي القاهرة
التقسيم الفرعي العام الاسبلة
942 ## - عناصر المدخل الإضافي( كوها)
مصدر التصنيف او مخطط الترفيف Dewey Decimal Classification
Koha [default] item type كتاب
260 ## - PUBLICATION, DISTRIBUTION, ETC. (IMPRINT)
-- الاسكندرية :
-- دار الوفاء لدنيا الطباعة و النشر،
Holdings
حالة التراجع حالة الفقد حالة تلف ليس للاعارة المكان المؤقت الموقع الحالى موقع الترفيف تاريخ الاكتساب اجمالي اﻻعارات رقم الطلب الباركود تاريخ اخر مشاهدة تاريخ تفعيل السعر نوع وعاء كوها
        مكتبة القاهرة الكبرى مكتبة القاهرة الكبرى   09/27/2020   726 ق/ م أ 166910 09/27/2020 09/27/2020 كتاب

Powered By

EGPV